[Event "Rated Blitz game"]
[Site "?"]
[Date "2021.05.13"]
[Round "?"]
[White "chessdoc100"]
[Black "AlaEldin"]
[Result "0-1"]
[WhiteElo "2458"]
[BlackElo "2315"]
[PlyCount "84"]
[EventDate "2021.??.??"]
[EventType "blitz"]

1. e4 e5 2. Nf3 d5 3. Nxe5 Bd6 4. d4 dxe4 5. Nc4 Nf6 6. Nc3 O-O 7. Bg5 Bb4 8.
Be2 h6 9. Bh4 Nc6 10. d5 Qxd5 11. Bxf6 Qxd1+ 12. Kxd1 gxf6 13. Nxe4 Rd8+ 14.
Kc1 b5 15. Ne3 f5 16. a3 Be7 17. Nc3 Nd4 18. Bxb5 Bb7 19. Bd3 f4 20. Nf5 Bf8
21. f3 Nxf5 22. Bxf5 Bc5 23. Re1 Be3+ 24. Kb1 Rd2 25. Re2 Rad8 26. Ka2 Rxe2 27.
Nxe2 Rd2 28. Bd3 c5 29. Kb3 Bd5+ 30. Kc3 c4 31. b4 cxd3 32. cxd3 Rxe2 33. a4
Rxg2 34. a5 Bxf3 35. b5 Bb7 36. a6 Bd5 37. d4 Ra2 38. Rb1 f5 39. b6 Bd2+ 40.
Kd3 Be4+ 41. Kc4 Bxb1 42. b7 Rb2 {Normal} 0-1

[Event "Rated Blitz game"]
[Site "?"]
[Date "2021.05.13"]
[Round "?"]
[White "B_nn_t"]
[Black "femix_123-abuja"]
[Result "1-0"]
[WhiteElo "2453"]
[BlackElo "2298"]
[PlyCount "29"]
[EventDate "2021.??.??"]
[EventType "blitz"]

1. e4 e5 2. Nf3 d5 3. Nc3 dxe4 4. Nxe4 f5 5. Nxe5 fxe4 6. Qh5+ g6 7. Nxg6 Nf6
8. Qe5+ Kf7 9. Nxh8+ Kg7 10. b3 Nc6 11. Qg5+ Kxh8 12. Bb2 Bg7 13. h4 Ne8 14.
Qf4 Bxb2 15. Qf8# {Normal} 1-0

[Event "Rated Blitz game"]
[Site "?"]
[Date "2021.05.13"]
[Round "?"]
[White "Milenaoxanova"]
[Black "GoughPhar"]
[Result "0-1"]
[WhiteElo "2319"]
[BlackElo "2402"]
[PlyCount "104"]
[EventDate "2021.??.??"]
[EventType "blitz"]

1. e4 e5 2. Nf3 d5 3. Nxe5 Bd6 4. d4 dxe4 5. Nc3 Bxe5 6. dxe5 Qxd1+ 7. Kxd1
Bg4+ 8. Be2 Bxe2+ 9. Kxe2 Nc6 10. Bf4 Nd4+ 11. Kd2 O-O-O 12. Kc1 Ne7 13. Re1
Ng6 14. g3 h5 15. Nxe4 h4 16. Ng5 hxg3 17. hxg3 Ne2+ 18. Kb1 Nexf4 19. gxf4 Rd2
20. Nxf7 Rh2 21. f5 Nxe5 22. Nxe5 Re2 23. Nd3 Rxe1+ 24. Nxe1 Rh1 25. b3 Rxe1+
26. Kb2 Re2 27. Rg1 Rxf2 28. Rg5 b6 29. a4 a5 30. Kc3 Kb7 31. Kd3 Kc6 32. Ke4
Re2+ 33. Kf4 Rf2+ 34. Kg4 Rxc2 35. Kh5 Rc3 36. Rxg7 Rxb3 37. Rg4 Rf3 38. Kg6
Kd6 39. Re4 c6 40. f6 b5 41. f7 b4 42. Kg7 Kd5 43. Re1 Rg3+ 44. Kf6 Rf3+ 45.
Ke7 Kc4 46. f8=Q Rxf8 47. Kxf8 Kb3 48. Ra1 c5 49. Ke7 c4 50. Kd6 c3 51. Kc5 Kb2
52. Kd6 Kxa1 {Normal} 0-1

[Event "Rated Blitz game"]
[Site "?"]
[Date "2021.05.13"]
[Round "?"]
[White "radouanedorb"]
[Black "anjaya01"]
[Result "0-1"]
[WhiteElo "2276"]
[BlackElo "2430"]
[PlyCount "98"]
[EventDate "2021.??.??"]
[EventType "blitz"]

1. e4 e5 2. Nf3 d5 3. d4 dxe4 4. Nxe5 Bd6 5. Nc4 f5 6. Nxd6+ Qxd6 7. Bc4 Nf6 8.
Bg5 h6 9. Bxf6 Qxf6 10. c3 Be6 11. Qb3 Bxc4 12. Qxc4 Nc6 13. Nd2 O-O-O 14. O-O
g5 15. b4 g4 16. a4 h5 17. a5 h4 18. b5 Ne7 19. b6 axb6 20. axb6 Qxb6 21. Qf7
Kd7 22. Nc4 Qe6 23. Ne5+ Kd6 24. Nc4+ Kd7 25. Ne5+ Kd6 26. c4 Qxf7 27. Nxf7+
Kc6 28. Nxh8 Rxh8 29. Ra5 h3 30. g3 Rd8 31. d5+ Kd6 32. c5+ Ke5 33. d6 Nc6 34.
Rb5 cxd6 35. cxd6+ Ke6 36. Rxb7 Rxd6 37. Rb6 Ne5 38. Rb8 Nf3+ 39. Kh1 Rd2 40.
Rb6+ Kd7 41. Rf6 e3 42. Rxf5 Rxf2 43. Rd1+ Ke6 44. Rxf3 gxf3 45. Re1 e2 46. Kg1
Rg2+ 47. Kh1 Kf5 48. Ra1 Rf2 49. g4+ Kg5 {Time forfeit} 0-1

[Event "Rated Blitz tournament uTECYra7"]
[Site "?"]
[Date "2021.05.13"]
[Round "?"]
[White "cheburashka15"]
[Black "dr_xStranger"]
[Result "0-1"]
[WhiteElo "2580"]
[BlackElo "2528"]
[PlyCount "186"]
[EventDate "2021.??.??"]
[EventType "blitz"]

1. e4 e5 2. Nf3 d5 3. exd5 e4 4. Qe2 Nf6 5. Nc3 Be7 6. Nxe4 O-O 7. d3 Nxd5 8.
g3 f5 9. Nc3 Bb4 10. Bg2 Nxc3 11. bxc3 Bxc3+ 12. Bd2 Bxa1 13. O-O Bf6 14. Re1
Nc6 15. c3 f4 16. d4 fxg3 17. hxg3 Bg4 18. Qc4+ Kh8 19. Nh2 Bh5 20. Bf4 Bf7 21.
d5 Ne7 22. Bxc7 Qd7 23. Bf4 Bxd5 24. Rxe7 Bxe7 25. Qxd5 Qxd5 26. Bxd5 Rxf4 27.
gxf4 Bd6 28. Bxb7 Rb8 29. Be4 Bxf4 30. Nf3 g6 31. c4 Kg7 32. c5 Kf6 33. c6 Rb4
34. Bd5 Rb1+ 35. Kg2 Rb2 36. Bb3 a5 37. Nd4 a4 38. Bxa4 Rxa2 39. Bb3 Rb2 40.
Bg8 h5 41. Ne6 Be5 42. Nc5 Rc2 43. Nd7+ Kf5 44. Bd5 Bd4 45. Kg3 g5 46. f3 h4+
47. Kh3 Rc3 48. Be4+ Kf4 49. Nf8 g4+ 50. Kxh4 gxf3 51. Bxf3 Kxf3 52. c7 Bf2+
53. Kg5 Rxc7 54. Ne6 Ra7 55. Kf5 Ra5+ 56. Kf6 Ke4 57. Ng5+ Kf4 58. Nh3+ Kg3 59.
Ng5 Bd4+ 60. Kg6 Kg4 61. Ne6 Ra6 62. Kf7 Be3 63. Ke7 Kf5 64. Nc7 Ra7 65. Kd6
Bb6 66. Nd5 Bd8 67. Ne3+ Ke4 68. Nc4 Rh7 69. Nd2+ Kd3 70. Nf3 Bc7+ 71. Ke6 Ke3
72. Ng5 Rh6+ 73. Kf5 Bd8 74. Nf7 Rf6+ 75. Ke5 Rxf7 76. Ke6 Ra7 77. Kd6 Ra6+ 78.
Kd7 Kd4 79. Kxd8 Rh6 80. Ke7 Ke5 81. Kf7 Rh7+ 82. Kg6 Ra7 83. Kg5 Rg7+ 84. Kh6
Kf6 85. Kh5 Rg8 86. Kh4 Rg1 87. Kh3 Kf5 88. Kh2 Rg8 89. Kh3 Rg7 90. Kh4 Rg8 91.
Kh3 Kf4 92. Kh2 Kf3 93. Kh3 Rh8# {Normal} 0-1

[Event "Rated Blitz tournament uTECYra7"]
[Site "?"]
[Date "2021.05.13"]
[Round "?"]
[White "BughouseKnight"]
[Black "dr_xStranger"]
[Result "0-1"]
[WhiteElo "2562"]
[BlackElo "2530"]
[PlyCount "60"]
[EventDate "2021.??.??"]
[EventType "blitz"]

1. e4 e5 2. Nf3 d5 3. Nxe5 Bd6 4. d4 dxe4 5. Nc4 Nf6 6. Nc3 O-O 7. Bg5 Re8 8.
Be2 h6 9. Bh4 Nc6 10. d5 Ne5 11. Nxd6 cxd6 12. Qd4 Bf5 13. O-O Rc8 14. Rad1 a6
15. a3 g5 16. Bg3 Bg4 17. Bxg4 Nfxg4 18. Nxe4 Rc4 19. Qa7 Rxe4 20. f3 Re2 21.
fxg4 Qc8 22. c3 Qxg4 23. Qxb7 Qe4 24. Rf2 Rxf2 25. Bxf2 Ng4 26. Rf1 Qf4 27. Bg3
Qe3+ 28. Kh1 Nf2+ 29. Bxf2 Qxf2 30. Qxa6 Re1 {Normal} 0-1

[Event "Rated Blitz game"]
[Site "?"]
[Date "2021.05.13"]
[Round "?"]
[White "Slava-Ukr"]
[Black "KamranShirazi"]
[Result "0-1"]
[WhiteElo "2440"]
[BlackElo "2507"]
[PlyCount "54"]
[EventDate "2021.??.??"]
[EventType "blitz"]

1. e4 e5 2. Nf3 d5 3. d3 dxe4 4. dxe4 Qxd1+ 5. Kxd1 Nc6 6. c3 Bg4 7. Be2 O-O-O+
8. Kc2 f5 9. h3 Bxf3 10. Bxf3 f4 11. Nd2 Bc5 12. Rf1 Nf6 13. b4 Bb6 14. a4 a5
15. b5 Nb8 16. Nc4 Nbd7 17. Ba3 Rde8 18. Rad1 g5 19. Rd3 h5 20. Rfd1 g4 21.
hxg4 hxg4 22. Rxd7 gxf3 23. Rf7 fxg2 24. Nxb6+ cxb6 25. Bd6 Nxe4 26. Rg7 Nxd6
27. Rxd6 Reg8 {Normal} 0-1

[Event "Rated Blitz game"]
[Site "?"]
[Date "2021.05.13"]
[Round "?"]
[White "EndritUruci"]
[Black "KamranShirazi"]
[Result "1-0"]
[WhiteElo "2608"]
[BlackElo "2535"]
[PlyCount "81"]
[EventDate "2021.??.??"]
[EventType "blitz"]

1. e4 e5 2. Nf3 d5 3. Nc3 dxe4 4. Nxe4 f5 5. Ng3 e4 6. Ne5 Qd4 7. Nc4 Be6 8. c3
Qf6 9. d4 Ne7 10. Bf4 Nd5 11. Be5 Qf7 12. Na5 c6 13. Be2 Nd7 14. Bh5 g6 15.
Bxh8 gxh5 16. Qxh5 Qxh5 17. Nxh5 Bd6 18. Nxb7 Bc7 19. Nc5 Bf7 20. Ng7+ Kf8 21.
Nxf5 Nxc5 22. dxc5 Bg6 23. Nd4 e3 24. O-O Kf7 25. fxe3+ Kg8 26. Bf6 Nxe3 27.
Rf3 Nd5 28. Re1 Rb8 29. Nxc6 Rxb2 30. Bd4 Rxa2 31. c4 Nf4 32. Ne7+ Kf7 33. g3
Bh5 34. Rxf4+ Bxf4 35. gxf4 Bf3 36. Bf2 Rc2 37. Nf5 a5 38. Nd4 Rc3 39. Nxf3 a4
40. c6 Rxc4 41. Ne5+ {Normal} 1-0

[Event "Rated Blitz game"]
[Site "?"]
[Date "2021.05.13"]
[Round "?"]
[White "EndritUruci"]
[Black "KamranShirazi"]
[Result "1-0"]
[WhiteElo "2617"]
[BlackElo "2526"]
[PlyCount "57"]
[EventDate "2021.??.??"]
[EventType "blitz"]

1. e4 e5 2. Nf3 d5 3. d3 dxe4 4. dxe4 Qxd1+ 5. Kxd1 Nc6 6. Bc4 Bg4 7. c3 f5 8.
h3 O-O-O+ 9. Kc2 Bxf3 10. gxf3 fxe4 11. fxe4 Bc5 12. f3 Rf8 13. b4 Bb6 14. Nd2
Nge7 15. a4 a6 16. b5 axb5 17. axb5 Na5 18. Ba3 Nxc4 19. Nxc4 Ng6 20. Bxf8 Bf2
21. Rhd1 b6 22. Bxg7 Kb7 23. Bxh8 Nxh8 24. Nxe5 Ng6 25. Nc6 Bh4 26. Ra7+ Kc8
27. Ra8+ Kb7 28. Rdd8 Bxd8 29. Rb8# {Normal} 1-0

[Event "Rated Blitz game"]
[Site "?"]
[Date "2021.05.13"]
[Round "?"]
[White "kaloczajunky"]
[Black "ahoramahora"]
[Result "0-1"]
[WhiteElo "2419"]
[BlackElo "2340"]
[PlyCount "104"]
[EventDate "2021.??.??"]
[EventType "blitz"]

1. e4 e5 2. Nf3 d5 3. exd5 e4 4. Ne5 Qxd5 5. d4 exd3 6. Bf4 Bd6 7. Nc3 Qe6 8.
Qxd3 Bxe5 9. Bxe5 Qxe5+ 10. Be2 Bf5 11. Qc4 Be6 12. Qb4 b6 13. O-O-O Ne7 14.
Bf3 c6 15. Rhe1 Qc5 16. Qxc5 bxc5 17. Nb5 cxb5 18. Bxa8 O-O 19. Re5 c4 20. Rxb5
Nbc6 21. Bxc6 Nxc6 22. Rb7 h5 23. f3 Rc8 24. Rd6 g6 25. Kd2 Kf8 26. Kc3 Ne5 27.
Rxa7 h4 28. h3 g5 29. Ra5 Ke7 30. Rb6 Kf6 31. Rbb5 Ng6 32. Rxg5 Nf4 33. a4 Ne2+
34. Kd2 Nd4 35. Rh5 c3+ 36. bxc3 Nf5 37. Rb5 Kg6 38. Rbxf5 Bxf5 39. Rxh4 Ra8
40. Rb4 Bd7 41. g4 Bxa4 42. h4 Rd8+ 43. Ke3 Bc6 44. h5+ Kg7 45. Kf4 Rd2 46. g5
Rxc2 47. Rc4 Bd5 48. Rc5 Be6 49. Ke5 Re2+ 50. Kd6 Rf2 51. h6+ Kg6 52. Ke7 Rxf3
{Time forfeit} 0-1

[Event "Rated Blitz game"]
[Site "?"]
[Date "2021.05.13"]
[Round "?"]
[White "ser_dedekind"]
[Black "KamranShirazi"]
[Result "0-1"]
[WhiteElo "2474"]
[BlackElo "2520"]
[PlyCount "50"]
[EventDate "2021.??.??"]
[EventType "blitz"]

1. e4 e5 2. Nf3 d5 3. Nc3 dxe4 4. Nxe4 f5 5. Ng3 e4 6. Ng1 Bc5 7. Bc4 Bxf2+ 8.
Kf1 Nf6 9. N1e2 Bb6 10. a4 Nc6 11. b4 Nxb4 12. Bb2 a5 13. Nf4 Qd6 14. Nfh5 Nxh5
15. Qxh5+ g6 16. Qe2 Rf8 17. d3 Bd7 18. d4 O-O-O 19. c3 Nd3 20. Bxd3 exd3 21.
Qxd3 Rde8 22. Re1 Qf4+ 23. Qf3 Qd2 24. Qf2 Rxe1+ 25. Qxe1 Qxb2 {Normal} 0-1

[Event "Rated Blitz game"]
[Site "?"]
[Date "2021.05.13"]
[Round "?"]
[White "JackTheRipperSlash"]
[Black "anjaya01"]
[Result "1-0"]
[WhiteElo "2342"]
[BlackElo "2400"]
[PlyCount "27"]
[EventDate "2021.??.??"]
[EventType "blitz"]

1. e4 e5 2. Nf3 d5 3. d4 dxe4 4. Nxe5 Bd6 5. Bc4 Bxe5 6. Qh5 Qxd4 7. Qxf7+ Kd8
8. Bg5+ Bf6 9. Nc3 Bg4 10. Qxg7 Kc8 11. Bxf6 Qxf6 12. Qxg4+ Nd7 13. Rd1 Qe7 14.
Rxd7 {Normal} 1-0

[Event "Rated Blitz game"]
[Site "?"]
[Date "2021.05.13"]
[Round "?"]
[White "Trash_talk97"]
[Black "blastol"]
[Result "1-0"]
[WhiteElo "2304"]
[BlackElo "2405"]
[PlyCount "63"]
[EventDate "2021.??.??"]
[EventType "blitz"]

1. e4 e5 2. Nf3 d5 3. Nxe5 Bd6 4. d4 dxe4 5. Nd2 Nf6 6. Bc4 O-O 7. O-O Qe7 8.
f4 Nc6 9. c3 Be6 10. Bb3 Rad8 11. Qe2 Bf5 12. Ndc4 Kh8 13. Bc2 b5 14. Ne3 Bd7
15. a4 a6 16. axb5 axb5 17. Bd2 h6 18. Kh1 Kg8 19. Ra6 Bxe5 20. fxe5 Ne8 21.
Bxe4 Nb8 22. Ra7 Bc6 23. Nf5 Qe6 24. Bc2 Nd6 25. Nxd6 cxd6 26. Qd3 g6 27. Qg3
g5 28. Bxg5 hxg5 29. Qxg5+ Kh8 30. Rf6 Bxg2+ 31. Kxg2 Qd5+ 32. Kf2 {Normal} 1-0

[Event "Rated Blitz game"]
[Site "?"]
[Date "2021.05.13"]
[Round "?"]
[White "lord_barre"]
[Black "KamranShirazi"]
[Result "1-0"]
[WhiteElo "2518"]
[BlackElo "2516"]
[PlyCount "83"]
[EventDate "2021.??.??"]
[EventType "blitz"]

1. e4 e5 2. Nf3 d5 3. exd5 e4 4. Qe2 Nf6 5. d3 Bb4+ 6. c3 O-O 7. dxe4 Bc5 8.
Bg5 c6 9. dxc6 Nxc6 10. Nbd2 Re8 11. O-O-O Qc7 12. h3 Be6 13. Nb3 Bb6 14. Bxf6
Qf4+ 15. Kb1 Qxf6 16. Nfd4 Bxb3 17. Nxb3 Bxf2 18. Qf3 Qh4 19. Bb5 Ne5 20. Qe2
Re6 21. Nd4 Rb6 22. Nf5 Qf6 23. Rd5 a6 24. Qxf2 Rxb5 25. Rd6 Qg5 26. Rhd1 Nc4
27. h4 Rxb2+ 28. Qxb2 Nxb2 29. hxg5 Nxd1 30. Rxd1 g6 31. Nh6+ Kg7 32. Rd7 b6
33. Rxf7+ Kh8 34. Kc2 Re8 35. Kd3 Rd8+ 36. Ke3 b5 37. e5 Rc8 38. e6 Rxc3+ 39.
Kd4 Rc8 40. e7 Rg8 41. Rf8 b4 42. Rxg8# {Normal} 1-0

[Event "Rated Blitz game"]
[Site "?"]
[Date "2021.05.13"]
[Round "?"]
[White "MaitedePapa"]
[Black "ahoramahora"]
[Result "1-0"]
[WhiteElo "2400"]
[BlackElo "2362"]
[PlyCount "39"]
[EventDate "2021.??.??"]
[EventType "blitz"]

1. e4 e5 2. Nf3 d5 3. d3 dxe4 4. Nc3 exd3 5. Bxd3 Nc6 6. O-O Be7 7. Qe2 Bg4 8.
Rd1 Nd4 9. Qxe5 Bxf3 10. Bb5+ c6 11. Rxd4 Qb6 12. gxf3 cxb5 13. Nxb5 Kf8 14.
Be3 Bf6 15. Qd6+ Qxd6 16. Rxd6 Ne7 17. Rad1 Nc6 18. Bc5 Kg8 19. Kh1 g6 20. Rxf6
{Normal} 1-0

[Event "Rated Blitz tournament NLKLRt9T"]
[Site "?"]
[Date "2021.05.13"]
[Round "?"]
[White "Zayats71"]
[Black "viewer94"]
[Result "1/2-1/2"]
[WhiteElo "2671"]
[BlackElo "2420"]
[PlyCount "78"]
[EventDate "2021.??.??"]
[EventType "blitz"]

1. e4 e5 2. Nf3 d5 3. Nxe5 Bd6 4. d4 dxe4 5. Nc3 Nf6 6. Bg5 Bf5 7. Bc4 O-O 8.
Qe2 Nc6 9. Nxc6 bxc6 10. O-O Re8 11. Rfe1 h6 12. Bh4 Rb8 13. Bb3 Bf4 14. Bg3
Bg4 15. Qc4 Be6 16. Qxc6 Rb6 17. Qa4 Bxg3 18. hxg3 Bxb3 19. axb3 Qd6 20. Qxa7
e3 21. Rxe3 Rxe3 22. fxe3 Qxg3 23. Qa8+ Kh7 24. Qf3 Qg6 25. e4 Ng4 26. Qf5 Qxf5
27. exf5 Ne3 28. Ra7 Nxc2 29. Rxc7 Nxd4 30. Rxf7 Nxb3 31. Ne4 Kg8 32. Rd7 Na5
33. f6 gxf6 34. b4 Rxb4 35. Nxf6+ Kf8 36. Nh7+ Ke8 37. Nf6+ Kf8 38. Nh7+ Ke8
39. Nf6+ Kf8 {Normal} 1/2-1/2

[Event "Rated Blitz tournament uTECYra7"]
[Site "?"]
[Date "2021.05.13"]
[Round "?"]
[White "adamak123"]
[Black "Maltinho"]
[Result "1-0"]
[WhiteElo "2418"]
[BlackElo "2511"]
[PlyCount "65"]
[EventDate "2021.??.??"]
[EventType "blitz"]

1. e4 e5 2. Nf3 d5 3. Nxe5 Bd6 4. d4 dxe4 5. Bc4 Bxe5 6. Qh5 Qe7 7. Qxe5 Qxe5
8. dxe5 Nc6 9. Nc3 Nxe5 10. Bb3 Nf6 11. Bf4 Ng6 12. Bxc7 O-O 13. O-O-O Bg4 14.
Rd2 Rac8 15. Bg3 Rfe8 16. h3 Bf5 17. Nd5 Nxd5 18. Bxd5 e3 19. fxe3 Rxe3 20. Bf2
Re7 21. Bxa7 Nf4 22. Bf3 Nd3+ 23. Kb1 Ne1 24. Bd1 h6 25. Rf1 Bg6 26. a4 Re4 27.
a5 Rce8 28. Bb6 Rc4 29. b3 Rc3 30. Kb2 Rg3 31. Bf2 Rxg2 32. Rxe1 Rxe1 33. Bxe1
{Normal} 1-0

[Event "Rated Blitz game"]
[Site "?"]
[Date "2021.05.13"]
[Round "?"]
[White "giomar"]
[Black "femix_123-abuja"]
[Result "1-0"]
[WhiteElo "2426"]
[BlackElo "2347"]
[PlyCount "37"]
[EventDate "2021.??.??"]
[EventType "blitz"]

1. e4 e5 2. Nf3 d5 3. Nxe5 Qe7 4. d4 f6 5. Qh5+ g6 6. Nxg6 Qxe4+ 7. Be2 Qxg6 8.
Qf3 c6 9. O-O Ne7 10. Bd3 Bf5 11. Re1 Bxd3 12. cxd3 Nd7 13. Nc3 O-O-O 14. Bf4
Nf5 15. Rac1 Nxd4 16. Qe3 Bc5 17. Nxd5 Nc2 18. Rxc2 Bxe3 19. Ne7# {Normal} 1-0

[Event "Rated Blitz game"]
[Site "?"]
[Date "2021.05.13"]
[Round "?"]
[White "Miftah68"]
[Black "walodelpalo"]
[Result "0-1"]
[WhiteElo "2439"]
[BlackElo "2342"]
[PlyCount "44"]
[EventDate "2021.??.??"]
[EventType "blitz"]

1. e4 e5 2. Nf3 d5 3. exd5 Bd6 4. d3 h6 5. Nbd2 Nf6 6. Be2 Nxd5 7. Nc4 Qe7 8.
O-O O-O 9. Re1 Nc6 10. c3 Kh8 11. Bf1 f5 12. Ncxe5 Nxe5 13. Nxe5 Bxe5 14. d4
Bxh2+ 15. Kxh2 Qh4+ 16. Kg1 f4 17. Be2 Nf6 18. Bf3 Ng4 19. Bxf4 Qxf2+ 20. Kh1
Rxf4 21. Re8+ Kh7 22. Qd3+ Bf5 {Normal} 0-1

[Event "Rated Blitz game"]
[Site "?"]
[Date "2021.05.13"]
[Round "?"]
[White "Castrum"]
[Black "Gifroy"]
[Result "0-1"]
[WhiteElo "2300"]
[BlackElo "2401"]
[PlyCount "28"]
[EventDate "2021.??.??"]
[EventType "blitz"]

1. e4 e5 2. Nf3 d5 3. exd5 e4 4. Ne5 Qxd5 5. d4 exd3 6. Bf4 Nf6 7. Bxd3 Qxg2 8.
Rf1 Bd6 9. Nc3 O-O 10. Qe2 Nc6 11. Nxc6 Bxf4 12. Ne7+ Kh8 13. Ne4 Bh3 14. Nxf6
gxf6 {Normal} 0-1

[Event "Rated Blitz game"]
[Site "?"]
[Date "2021.05.13"]
[Round "?"]
[White "James78"]
[Black "Gifroy"]
[Result "1-0"]
[WhiteElo "2430"]
[BlackElo "2403"]
[PlyCount "79"]
[EventDate "2021.??.??"]
[EventType "blitz"]

1. e4 e5 2. Nf3 d5 3. d3 dxe4 4. dxe4 Qxd1+ 5. Kxd1 Bg4 6. Be2 Nc6 7. Nbd2 f5
8. c3 Nf6 9. h3 Bxf3 10. Bxf3 f4 11. b4 b5 12. a4 bxa4 13. Rxa4 Bd6 14. Kc2 O-O
15. Be2 Rfb8 16. Bc4+ Kf8 17. Re1 a5 18. b5 Ne7 19. Nf3 Nc8 20. Bd3 Nd7 21. Bd2
Nc5 22. Ra2 Nxd3 23. Kxd3 Rxb5 24. Rea1 Nb6 25. Be1 a4 26. Nd2 a3 27. Kc2 Rb8
28. f3 Na4 29. Nc4 Rc5 30. Nxa3 Nb6 31. Bf2 Rc6 32. Nb5 Nc4 33. Ra8 Rxa8 34.
Rxa8+ Ke7 35. Na7 Ra6 36. Nc8+ Kd7 37. Rxa6 Kxc8 38. Rc6 Na3+ 39. Kb3 Nb5 40.
c4 {Time forfeit} 1-0

[Event "Rated Blitz game"]
[Site "?"]
[Date "2021.05.13"]
[Round "?"]
[White "chessforthemasses"]
[Black "blastol"]
[Result "0-1"]
[WhiteElo "2460"]
[BlackElo "2388"]
[PlyCount "34"]
[EventDate "2021.??.??"]
[EventType "blitz"]

1. e4 e5 2. Nf3 d5 3. exd5 Bd6 4. Nc3 Nf6 5. d4 e4 6. Ng5 O-O 7. Ngxe4 Nxe4 8.
Nxe4 Re8 9. Bd3 f5 10. f3 fxe4 11. fxe4 Qh4+ 12. Kd2 Rxe4 13. Bxe4 Qxe4 14. Kc3
Na6 15. Re1 Bb4+ 16. Kb3 Bxe1 17. c4 Bg4 {Normal} 0-1

[Event "Rated Blitz game"]
[Site "?"]
[Date "2021.05.13"]
[Round "?"]
[White "Pakal23"]
[Black "ahoramahora"]
[Result "1-0"]
[WhiteElo "2427"]
[BlackElo "2365"]
[PlyCount "52"]
[EventDate "2021.??.??"]
[EventType "blitz"]

1. e4 e5 2. Nf3 d5 3. Nxe5 Bd6 4. d4 dxe4 5. Nc4 Nf6 6. Be2 O-O 7. Bg5 Bf5 8.
Nxd6 Qxd6 9. c3 Nc6 10. Nd2 h6 11. Bh4 Bg6 12. O-O Rfe8 13. Nc4 Qd7 14. Bxf6
gxf6 15. Ne3 f5 16. Bb5 a6 17. Ba4 b5 18. Bb3 f4 19. Nd5 Qd6 20. Qg4 f3 21. Nf4
fxg2 22. Rfe1 Kg7 23. Nxg6 Qxg6 24. Qf4 Re7 25. Re3 f5 26. Rg3 Rg8 {Normal} 1-0

[Event "Rated Blitz game"]
[Site "?"]
[Date "2021.05.13"]
[Round "?"]
[White "gpkal"]
[Black "Gifroy"]
[Result "1-0"]
[WhiteElo "2460"]
[BlackElo "2401"]
[PlyCount "69"]
[EventDate "2021.??.??"]
[EventType "blitz"]

1. e4 e5 2. Nf3 d5 3. Nxe5 Bd6 4. d4 dxe4 5. f4 exf3 6. Nxf3 Nf6 7. Bg5 O-O 8.
Be2 h6 9. Bh4 Bg4 10. O-O Nbd7 11. Nc3 c6 12. Ne5 Bxe2 13. Qxe2 Re8 14. Nxd7
Rxe2 15. Nxf6+ gxf6 16. Nxe2 Be7 17. c3 Qd7 18. Ng3 Qg4 19. Nf5 Kh7 20. h3 Qe4
21. Rae1 Qc2 22. Rxe7 Rf8 23. Rf2 Qb1+ 24. Kh2 Qxa2 25. Bxf6 Qd5 26. Re3 Rg8
27. Be5 Qd7 28. Ref3 Rf8 29. Ng3 f6 30. Rxf6 Rxf6 31. Rxf6 Qd5 32. Nf5 Qb3 33.
Rxh6+ Kg8 34. Nd6 Qxb2 35. Rh8# {Normal} 1-0

[Event "Rated Blitz game"]
[Site "?"]
[Date "2021.05.13"]
[Round "?"]
[White "Inogamov_Nurbek"]
[Black "anjaya01"]
[Result "0-1"]
[WhiteElo "2400"]
[BlackElo "2404"]
[PlyCount "128"]
[EventDate "2021.??.??"]
[EventType "blitz"]

1. e4 e5 2. Nf3 d5 3. exd5 Bd6 4. d4 e4 5. Ne5 Nf6 6. Bc4 O-O 7. O-O Re8 8. f4
exf3 9. Qxf3 a6 10. a4 Nbd7 11. Bf4 Nf8 12. Nc3 Bf5 13. Bg5 Bxc2 14. Bxf6 gxf6
15. Qxf6 Qxf6 16. Rxf6 Bg6 17. Raf1 Re7 18. Ng4 Rae8 19. h4 h5 20. Rxg6+ Nxg6
21. Nf6+ Kg7 22. Nxh5+ Kh6 23. Nf6 Rh8 24. g4 Nxh4 25. Nce4 Kg7 26. g5 Ng6 27.
Bd3 Rh4 28. Rf5 Nf4 29. Nxd6 Nxd3 30. Nde8+ Kg6 31. Rf3 Nf4 32. d6 cxd6 33.
Nxd6 Kxg5 34. Nfe4+ Kg6 35. Ng3 Rg4 36. Kf2 b5 37. axb5 axb5 38. Nxb5 Rb7 39.
Nc3 Rxb2+ 40. Ke3 f5 41. Rxf4 Rxg3+ 42. Rf3 Rxf3+ 43. Kxf3 Rb3 44. d5 Rxc3+ 45.
Kf4 Rd3 46. Ke5 f4 47. Ke4 Rxd5 48. Kxf4 Rf5+ 49. Ke4 Kf6 50. Ke3 Ke5 51. Kd3
Kd5 52. Ke3 Rf6 53. Kd3 Rf3+ 54. Ke2 Ke4 55. Kd2 Kd4 56. Ke2 Rf4 57. Kd1 Rf2
58. Ke1 Ke3 59. Kd1 Kd3 60. Kc1 Rd2 61. Kb1 Kc3 62. Kc1 Re2 63. Kd1 Re3 64. Kc1
Re1# {Normal} 0-1

[Event "Rated Blitz game"]
[Site "?"]
[Date "2021.05.13"]
[Round "?"]
[White "fj042009"]
[Black "MirajaneStrauss"]
[Result "1-0"]
[WhiteElo "2352"]
[BlackElo "2444"]
[PlyCount "43"]
[EventDate "2021.??.??"]
[EventType "blitz"]

1. e4 e5 2. Nf3 d5 3. Nxe5 Bd6 4. d4 dxe4 5. Nc3 Nf6 6. Bc4 O-O 7. O-O Qe7 8.
f4 exf3 9. Nxf3 Bg4 10. Bg5 Nbd7 11. Nd5 Qd8 12. h3 Bh5 13. Qe1 Re8 14. Qh4 Bg6
15. Ne5 Bxe5 16. dxe5 Rxe5 17. Rad1 c6 18. Nxf6+ gxf6 19. Rxf6 Qb6+ 20. Rf2 Re4
21. Bxf7+ Bxf7 22. Qxe4 {Normal} 1-0

[Event "Rated Blitz game"]
[Site "?"]
[Date "2021.05.13"]
[Round "?"]
[White "Udemzo"]
[Black "GoughPhar"]
[Result "0-1"]
[WhiteElo "2470"]
[BlackElo "2417"]
[PlyCount "28"]
[EventDate "2021.??.??"]
[EventType "blitz"]

1. e4 e5 2. Nf3 d5 3. exd5 e4 4. Qe2 Nf6 5. d3 Qxd5 6. Nbd2 Bf5 7. Nxe4 Nxe4 8.
Ng5 Bb4+ 9. c3 Qa5 10. dxe4 Bxc3+ 11. Kd1 O-O 12. exf5 Nc6 13. Qb5 Rad8+ 14.
Kc2 Nd4+ {Normal} 0-1

[Event "Rated Blitz game"]
[Site "?"]
[Date "2021.05.13"]
[Round "?"]
[White "ZielonySmok13"]
[Black "Gifroy"]
[Result "0-1"]
[WhiteElo "2463"]
[BlackElo "2378"]
[PlyCount "40"]
[EventDate "2021.??.??"]
[EventType "blitz"]

1. e4 e5 2. Nf3 d5 3. d4 dxe4 4. Nxe5 Bd6 5. Nc4 Be7 6. Ne3 Nf6 7. c4 O-O 8.
Nc3 Nc6 9. d5 Ne5 10. Be2 b6 11. O-O Re8 12. Qc2 Bd6 13. Nxe4 Nxe4 14. Qxe4 Ng4
15. Qc2 Bxh2+ 16. Kh1 Qh4 17. g3 Bxg3+ 18. Kg2 Nxe3+ 19. Bxe3 Qh3+ 20. Kf3 Bg4#
{Normal} 0-1

[Event "Rated Blitz game"]
[Site "?"]
[Date "2021.05.13"]
[Round "?"]
[White "hmnotanatix"]
[Black "Gifroy"]
[Result "1-0"]
[WhiteElo "2490"]
[BlackElo "2407"]
[PlyCount "89"]
[EventDate "2021.??.??"]
[EventType "blitz"]

1. e4 e5 2. Nf3 d5 3. Bd3 dxe4 4. Bxe4 f5 5. Nxe5 Nf6 6. Bf3 Bd6 7. d4 Qe7 8.
O-O O-O 9. Bf4 Nc6 10. Nxc6 bxc6 11. Bxd6 Qxd6 12. c3 Rb8 13. b4 f4 14. Nd2 Be6
15. Ne4 Nxe4 16. Bxe4 Bd5 17. f3 Rbe8 18. Re1 Bxe4 19. fxe4 f3 20. gxf3 Re6 21.
e5 Rg6+ 22. Kh1 Qd5 23. Rf1 Rf4 24. Qe2 Rg5 25. Rf2 Rgf5 26. Raf1 Kf7 27. Qd1
Ke8 28. Qb3 Qd7 29. Qg8+ Rf8 30. Qc4 Kd8 31. Rg1 g6 32. Rg3 Kc8 33. a4 Kb7 34.
b5 cxb5 35. axb5 Kb6 36. Ra2 Qxb5 37. Qxb5+ Kxb5 38. Rxa7 c5 39. Rxh7 cxd4 40.
cxd4 Rxd4 41. Rg7 Rc8 42. R7xg6 Rc2 43. Rg2 Rd1+ 44. Rg1 Rdd2 45. R6g2 {
Time forfeit} 1-0

[Event "Rated Blitz game"]
[Site "?"]
[Date "2021.05.13"]
[Round "?"]
[White "SrJingles"]
[Black "ahoramahora"]
[Result "1-0"]
[WhiteElo "2468"]
[BlackElo "2363"]
[PlyCount "95"]
[EventDate "2021.??.??"]
[EventType "blitz"]

1. e4 e5 2. Nf3 d5 3. exd5 e4 4. Qe2 Nf6 5. d3 Qxd5 6. Nc3 Bb4 7. Bd2 Bxc3 8.
Bxc3 O-O 9. dxe4 Nxe4 10. Rd1 Nxc3 11. Rxd5 Nxe2 12. Bxe2 Be6 13. Rc5 c6 14.
O-O Nd7 15. Rc3 Nb6 16. Nd4 Na4 17. Ra3 Nc5 18. b4 Ne4 19. Nxe6 fxe6 20. Re3
Ng5 21. h4 Nf7 22. Rxe6 Rfe8 23. Bc4 Kf8 24. Rfe1 Nd6 25. Rxe8+ Rxe8 26. Rxe8+
Kxe8 27. Bd3 h6 28. c4 b6 29. g3 c5 30. bxc5 bxc5 31. Kg2 Ke7 32. Kf3 Kf6 33.
Ke3 Ke5 34. f4+ Kf6 35. g4 g5 36. fxg5+ hxg5 37. h5 Ke5 38. h6 Nf7 39. h7 Nh8
40. Bf5 Nf7 41. Kd3 Nh8 42. Kc3 Nf7 43. Kb3 Kd4 44. Be6 Nh8 45. Ka4 Kc3 46. Kb5
Kb2 47. a4 Ka3 48. a5 {Normal} 1-0